000 00654nam a2200229Ia 4500
003 OSt
005 20220926043134.0
006 a|||||r|||| 00| 0
007 ta
008 220923b |||||||| |||| 00| 0 eng d
037 _cGeneral Book
040 _aRTL
_cRTL
_beng
041 _2eng
_aeng
082 _aX9(F9)b4.73.N6, K7
100 _aBlood Jerome W Ed.
_9242991
245 0 _autilizing R and D by products
260 _c1967
490 _aAmerican Management Association (New York)
650 _aPharmaceutical Industry
_9230534
942 _hX9(F9)b4.73.N6, K7
_cGB
_2CC
999 _c671542
_d671542